00649nam a22002051 450000100060000000300080000600500170001400800410003103500190007204000320009104100080012308200210013110000200015224501500017225000120032226000360033430000290037050400260039965000180042516767BD-RjUL20211209000040.0140215t19681967enka b 000 0 eng d a(BD-RjUL)16822 aDLCcDLCdDLCdBD-RjULbeng aeng00a793.32bWIM 19681 aWinearls, Jane.10aModern dance :bthe Jooss-Leeder Method /cforeword by Rudolf Laban, preface by A. V. Coton, with 275 drawings by Peter Krummins and 11 diagrams. a2nd ed. aLondon :bBlack,cc1967 [1968]. a168 p. :billus.c23 cm. aBibliography: p. 168. 0aModern dance.